000 005430000a22001810004500
003 MACL
005 20160220153605.0
008 160220b xxu||||| |||| 00| 0 eng d
040 _aMACL
_cMACL
041 _aHindi
082 _a301
100 _aमुकर्जी रवीन्‍द्र नाथ
_939091
245 _aसमाजिक विचारधारा
260 _bसरस्‍वती सदन
_c1975
_aनई दिल्‍ली
350 _a19
650 _aSociology
_939261
942 _cHIN
_k301
_2ddc
999 _c26782
_d26782